|
|
|
|
| LEADER |
00000nab a2200000uu 4500 |
| 001 |
vtls010874976 |
| 003 |
SK-MaSNL |
| 005 |
20260303163043.0 |
| 008 |
230303|1970 xo |||||||||||||||||eng| |
| 015 |
|
|
|a SNBRB
|
| 035 |
|
|
|a (urnnbn)urn:nbn:sk:snk:ar-005y52
|
| 035 |
|
|
|a (uuid)4d8659ce-0efb-4292-83e7-4cfc3ba82f17
|
| 035 |
|
|
|a urn:nbn:sk:snk-ab7oxb
|
| 040 |
|
|
|a SNKBUCL
|b slo
|c SNKBUCL
|e AACR2
|
| 041 |
0 |
|
|a eng
|
| 044 |
|
|
|a xo
|c SK
|
| 100 |
1 |
|
|a Györyová, Katarína,
|d 1946-
|4 aut
|9 221499
|
| 245 |
1 |
0 |
|a Isothiocyanates and Their Synthetic Producers
|n IX
|p Synthesis and Study of the Infrared, Ultraviolet, and NMR Spectra of 4'-Substituted 3-Isothiocyanatoand 4-Isothiocyanatochalcones
|c K. Györyová, M. Dzurilla, P. Kristián
|
| 700 |
1 |
|
|a Dzurilla, Milan,
|d 1938-2003
|4 aut
|9 221484
|
| 700 |
1 |
|
|a Kristian, Pavol,
|d 1930-2021
|4 aut
|9 223871
|
| 773 |
0 |
|
|t Chemické zvesti
|g Roč. 24, č. 3 (1970), s. 207-217
|
| 954 |
|
|
|a odborná, vedecká literatúra pôvodná (slovenská)
|2 lita
|
| 958 |
|
|
|a EUIPO
|
| 958 |
|
|
|a OND
|
| 958 |
|
|
|a article8
|
| 999 |
|
|
|c 2058571
|d 2060501
|